MARC

LEADER 00000nam0a2200000 4500
001 348555
005 20231102010123.0
035 |a (RuTPU)RU\TPU\retro\248 
090 |a 348555 
100 |a 20180227d1964 km y0rusy50 ca 
101 0 |a rus 
102 |a RU 
105 |a a z 001zy 
200 1 |a Автоклавные методы переработки минерального сырья  |f Академия наук СССР (АН СССР), Кольский филиал ; под ред. Я. Г. Горощенко 
210 |a Москва  |a Ленинград  |c Наука  |d 1964 
215 |a 42 с.  |c ил. 
320 |a Библиогр.: с. 41 
606 1 |a Автоклавные процессы в цветной металлургии  |2 stltpush  |3 (RuTPU)RU\TPU\subj\585  |9 29467 
610 1 |a селениды 
610 1 |a медь 
610 1 |a щелочные растворы 
610 1 |a кислород 
610 1 |a давление 
610 1 |a теллураты 
610 1 |a температура 
610 1 |a селен 
610 1 |a шлам 
610 1 |a медный электролиз 
610 1 |a силикат бериллия 
610 1 |a нитрат-хлорид церия 
610 1 |a окисление 
610 1 |a синтез 
610 1 |a извлечение 
610 1 |a гидролиз 
675 |a 669.2.046  |v 4 
702 1 |a Горощенко  |b Я. Г.  |g Яков Гаврилович  |4 340 
712 0 2 |a Академия наук СССР (АН СССР)  |b Кольский филиал  |c (1949-1990)  |2 stltpush  |3 (RuTPU)RU\TPU\col\11519 
801 1 |a RU  |b 63413507  |c 20180227 
801 2 |a RU  |b 63413507  |c 20200825  |g RCR 
942 |c BK